Programování v jazyku BASIC

Guardado en:
Detalles Bibliográficos
Autor principal: Machačka, Ivo
Otros Autores: Pavlů, Jan
Formato: Libro
Lenguaje:checo
Publicado: Praha Státní nakladatelství technické literatury 1986
Edición:2. vyd.
Etiquetas: Agregar Etiqueta
Sin Etiquetas, Sea el primero en etiquetar este registro!

MARC

LEADER 00000nam a2200000 4500
001 c041749
005 20250930080852.4
041 0 |a cze 
044 |a CZ 
245 1 0 |a Programování v jazyku BASIC  |c Ivo Machačka, Jan Pavlů 
250 |a 2. vyd. 
264 1 |a Praha  |b Státní nakladatelství technické literatury  |c 1986 
300 |a 208 s. 
100 1 |a Machačka, Ivo 
700 1 |a Pavlů, Jan